Normal view
MARC view
- Emap Glenigan
Entry Corporate Name
001 - CONTROL NUMBER
- control field: 4719
003 - CONTROL NUMBER IDENTIFIER
- control field: OSt
005 - DATE AND TIME OF LATEST TRANSACTION
- control field: 20190806150236.0
008 - FIXED-LENGTH DATA ELEMENTS
- fixed length control field: 050519n| aaannaabn |n ana d
040 ## - CATALOGING SOURCE
- Original cataloging agency: OSt
- Transcribing agency: OSt
110 ## - HEADING--CORPORATE NAME
- Corporate name or jurisdiction name as entry element: Emap Glenigan
410 ## - SEE FROM TRACING--CORPORATE NAME
- Corporate name or jurisdiction name as entry element: Glenigan
670 ## - SOURCE DATA FOUND
- Source citation: Top quantity surveyors 1 April 2004 - 31 March 2005, 2005